000 00495pab a2200193 454500
008 180718b2008 xxu||||| |||| 00| 0 eng d
100 _aButler, Tim
245 _aInward and upward: marking out social class change in London, 1981-2001
260 _c2008
300 _ap.67-88.
362 _aJan
650 _aSocial class - Greaat Britain
650 _aSocial class
700 _aRamsden, Mark
700 _aHamnett, Chris
773 _aUrban Studies
908 _aN
909 _a77688
999 _c77688
_d77688